Countries with the Most Scouts - Statistics

General Stats
  • This quiz has been taken 132 times
  • The average score is 5 of 10
Answer Stats
Hint Answer % Correct
2,988,612 United States
100%
528,263 United Kingdom
91%
3,371,408 India
73%
21,599,748 Indonesia
58%
630,476 Pakistan
40%
828,248 Thailand
36%
958,243 Bangladesh
33%
1,760,309 Philippines
33%
323,884 Kenya
16%
538,933 Tanzania
10%
No matching quizzes found
Score Distribution
Percent of People with Each Score
Percentile by Number Answered
Your Score History
You have not taken this quiz